|
|
|
|
| LEADER |
00000cam a2200000 a 4500 |
| 001 |
vtls001109363 |
| 003 |
SK-MaSNL |
| 005 |
20260302021617.0 |
| 008 |
250313s1980 xo a p 000 0 slo |
| 015 |
|
|
|a SNBA1980
|
| 035 |
|
|
|a SNK000052205
|
| 035 |
|
|
|a urn:nbn:sk:snk-amkefr
|
| 035 |
|
|
|a urn:nbn:sk:snk-am008c52
|
| 035 |
|
|
|a 20DFEC1F-E064-4F64-99D5-CD356BD7F305
|
| 040 |
|
|
|a SNK
|b slo
|c SNK
|e AACR2
|
| 041 |
0 |
|
|a slo
|
| 044 |
|
|
|a xo
|c SK
|
| 080 |
|
|
|a 636.93.08+638.1.08(075.8)(076.5)
|2 1981
|
| 080 |
|
|
|a 638.1.08(075.8)(076.5)
|2 1981
|
| 100 |
1 |
|
|a Rekoš, Jozef,
|d 1936-
|4 aut
|9 49161
|
| 245 |
1 |
0 |
|a Návody na cvičenia z chovu malých hospodárskych zvierat s pracovným zošitom
|c Jozef Rekoš, Imrich Točka
|
| 250 |
|
|
|a 2. preprac. vyd.
|
| 260 |
|
|
|a Bratislava
|b Príroda
|a S.l.
|b VŠP v Nitre [vyd.]
|c 1980
|
| 300 |
|
|
|a 91 s.
|b sch., tab.
|c 29 cm
|
| 366 |
|
|
|e 600 výt.
|
| 490 |
1 |
|
|a Vysokoškolské učebné texty
|
| 650 |
0 |
7 |
|a hospodárske zvieratá
|2 SNKPH
|9 1097
|
| 650 |
0 |
7 |
|a včelárstvo
|2 SNKPH
|9 3997
|
| 655 |
|
7 |
|a praktické cvičenia
|2 SNKPH
|9 70517
|
| 655 |
|
7 |
|a učebnice vysokých škôl
|2 SNKPH
|9 70191
|
| 700 |
1 |
|
|a Točka, Imrich,
|d 1941-2020
|4 aut
|9 98301
|
| 830 |
|
0 |
|a Vysokoškolské učebné texty
|9 276539
|
| 852 |
|
|
|a Slovenská národná knižnica
|
| 958 |
|
|
|a OND
|
| 958 |
|
|
|a UV
|
| 999 |
|
|
|c 1029621
|d 1031551
|
| 952 |
|
|
|a SNK
|b SNK
|y PREZ
|7 0
|p 17A0987519
|o snkSB 29952
|i snkKSP 4237/80
|0 0
|1 0
|4 0
|d 2014-10-13
|f 1
|l 0
|r 2025-04-03 00:00:00
|w 2026-02-24
|
| 952 |
|
|
|a SNK
|b SNK
|y VYP
|7 0
|o snkSB 29952 D1
|i snkKSP 4238/80
|0 0
|1 0
|4 0
|d 2014-10-13
|l 0
|r 2026-02-24 13:50:33
|w 2026-02-24
|